书目信息 |
| 题名: |
Android群英传
|
|
| 作者: | 徐宜生 编著 | |
| 分册: | ||
| 出版信息: | 北京 电子工业出版社 2015.9 |
|
| 页数: | 14,342页 | |
| 开本: | 26cm | |
| 丛书名: | ||
| 单 册: | ||
| 中图分类: | TN929.53 , TP316 , TP316.85 | |
| 科图分类: | ||
| 主题词: | 移动终端--应用程序--程序设计 | |
| 电子资源: | ||
| ISBN: | 978-7-121-26773-4 | |
| 000 | 00885nam0 2200253 450 | |
| 001 | 0400002913 | |
| 005 | 20171021155434.0 | |
| 010 | @a978-7-121-26773-4@dCNY69.00 | |
| 100 | @a20171021e20172015em y0chiy ea | |
| 101 | 0 | @achi |
| 102 | @aCN@b110000 | |
| 105 | @aa z 000yy | |
| 106 | @ar | |
| 200 | 1 | @aAndroid群英传@9Android qun ying zhuan@f徐宜生编著 |
| 210 | @a北京@c电子工业出版社@d2015.9@h2017.5 | |
| 215 | @a14,342页@c图@d26cm | |
| 330 | @a本书共分为13章,讲解了Android体系与系统架构、Android开发工具新接触、Android控件架构与自定义控件详解、ListView使用技巧、Android Scroll分析、Android绘图机制与处理技巧、Android动画机制与使用技巧等。 | |
| 606 | 0 | @a移动终端@x应用程序@x程序设计 |
| 690 | @aTN929.53@v5 | |
| 690 | @aTP316@v5 | |
| 690 | @aTP316.85@v5 | |
| 701 | 0 | @a徐宜生@9xu yi sheng@4编著 |
| 801 | 0 | @aCN@b91MARC@c20171021 |
| 905 | @b1032935-9@dTN929.53@f5@e211 | |
| Android群英传/徐宜生编著.-北京:电子工业出版社,2015.9(2017.5) |
| 14,342页:图;26cm |
| ISBN 978-7-121-26773-4:CNY69.00 |
| 本书共分为13章,讲解了Android体系与系统架构、Android开发工具新接触、Android控件架构与自定义控件详解、ListView使用技巧、Android Scroll分析、Android绘图机制与处理技巧、Android动画机制与使用技巧等。 |
| ● |
| 相关链接 |
|
|
|
|
正题名:Android群英传
索取号:TN929.53/211
 
预约/预借
| 序号 | 登录号 | 条形码 | 馆藏地/架位号 | 状态 | 备注 |
| 1 | 1032935 | 210329358 | 第二样本阅览室/ [索取号:TN929.53/211] | 在馆 | |
| 2 | 1032936 | 210329367 | 密集书库-物理学院/ [索取号:TN929.53/211] | 在馆 | |
| 3 | 1032937 | 210329376 | 第三借阅区/ [索取号:TN929.53/211] | 在馆 | |
| 4 | 1032938 | 210329385 | 第三借阅区/ [索取号:TN929.53/211] | 在馆 | |
| 5 | 1032939 | 210329394 | 第三借阅区/ [索取号:TN929.53/211] | 在馆 |